Functional Anatomy of the Brain on a Map - Statistics

General Stats
  • This quiz has been taken 230 times
  • The average score is 6 of 8
Answers on the Map
Answers color-coded by a green-red scale on the quiz's map according to % correct below.
 
Answer Stats
Answer % Correct
Primary Motor Cortex
97%
Prefrontal Cortex
71%
Premotor Cortex
69%
Wernicke's Area
69%
Visual Cortex
66%
Broca's Area
64%
Primary Somatosensory Cortex
61%
Primary Auditory Cortex
55%
No matching quizzes found
Score Distribution
Percent of People with Each Score
Percentile by Number Answered
Your Score History
You have not taken this quiz